000 00568nam a2200181 i 4500
001 39992
003 ES-MaACL
007 t|
008 030304s1909 fr ||||1| fre d
100 0 _aCarra de Vaux, Bernard,
_cBaron
_935478
245 1 3 _aLa doctrine de l'Islam /
_cBaron Carra de Vaux.
260 _aParis :
_b[s.n.,
_c1909] (
_fLevé)
300 _aIV, 320 p. ;
_c18 cm.
490 1 _aEtudes sur l'histoire des religions ;
_v3
830 0 _aEtudes sur l'histoire des religions ;
_v3
_9187229
852 _aES-MaACL
_jC-593
999 _c39992
_d39992